000 00514nam a2200193Ia 4500
001 21420
003 GE_BSU
008 181216s||||||||xx |||||||||||||| ||und||
040 _cGE_BSU
080 _aპერიოდიკა
245 _aParis Match, du 5 au 11 Octobre №3568. 2017
260 _aParis
260 _c2017
300 _a127 p. ill. 28 cm.
653 _aParis Match, du 5 au 11 Octobre №3568. 2017
653 _aПериодика
653 _aპერიოდიკა
942 _cCR
999 _c54364
_d54364